000
00339nam a2200157Ia 4500
100
_a
Antonopoulos/Andreas M
650
_a
bitcoin
942
_c
BK
366
_f
20
654
_a
bitcoin
245
_a
Mastering Bitcoin: Programming open block chain
260
_b
Oreilly
_c
2017
082
_b
ANT
300
_a
369
546
_a
ENGLISH
999
_c
32767
_d
32767